| 000 | 01816nam a22004457a 4500 | ||
|---|---|---|---|
| 003 | CHAP | ||
| 005 | 20220329141507.0 | ||
| 008 | 971013s1986 r 00010 d | ||
| 010 | _a69032 | ||
| 011 | _a70004 | ||
| 035 | _a79483 | ||
| 040 | _cCHAP | ||
| 082 |
_a443.6 _bD54 1986 |
||
| 245 | _aDiccionario francés-español español-francés | ||
| 250 | _aEd. rev. | ||
| 260 |
_aBarcelona : _bSopena, _c1986 |
||
| 300 | _a2 v. | ||
| 500 | _a32-183 | ||
| 590 |
_aBATCH-UPD _b10 _c20130110 _lUCH01 _h0359 |
||
| 590 |
_aBATCH-UPD _b10 _c20130110 _lUCH01 _h1941 |
||
| 590 |
_aBATCH-UPD _b10 _c20130410 _lUCH01 _h0032 |
||
| 590 |
_aBATCH-UPD _b10 _c20130410 _lUCH01 _h1510 |
||
| 590 |
_aBATCH-UPD _b10 _c20130914 _lUCH01 _h1334 |
||
| 590 |
_aCONVERSION _b10 _c20130109 _lUCH01 _h1338 |
||
| 650 | 1 | 4 |
_aEspañol _xDiccionarios _xFrancés. _937728 |
| 650 | 1 | 4 |
_aFrancés _xDiccionarios _xEspañol. _943001 |
| 700 | 0 |
_aMartínez Amador, Emilio M. _971808 |
|
| 901 | _aBK | ||
| 942 | _cLIBRO | ||
| 949 |
_a443.6 D54 1986 _bBC _cC _d33724000441804 _eC _fv.2 c.5 _h76283 _i79483 _si |
||
| 949 |
_a443.6 D54 1986 _bBC _cC _d33724000503157 _eC _fv.1 c.2 _h76276 _i79483 _si |
||
| 949 |
_a443.6 D54 1986 _bBC _cC _d33724000503165 _eC _fv.2 c.3 _h76279 _i79483 _si |
||
| 949 |
_a443.6 D54 1986 _bBC _cC _d33724000503173 _eC _fv.1 _gI.147591 _h76274 _i79483 _si |
||
| 949 |
_a443.6 D54 1986 _bBC _cC _d33724000503181 _eC _fv.2 c.2 _h76280 _i79483 _si |
||
| 949 |
_a443.6 D54 1986 _bBC _cC _d33724000503199 _eC _fv.2 c.4 _h76282 _i79483 _si |
||
| 949 |
_a443.6 D54 1986 _bBC _cC _d33724000503207 _eC _fv.2 _h76279 _i79483 _si |
||
| 949 |
_a443.6 D54 1986 _bBC _cC _d33724000503223 _eC _fv.1 c.4 _h76280 _i79483 _si |
||
| 949 |
_a443.6 D54 1986 _bBC _cC _d33724000525234 _eC _fv.1 c.3 _gI.147594 _h76278 _i79483 _si |
||
| 949 |
_a443.6 D54 1986 _bBC _cC _d33724002014743 _eC _fv.1 c.5 _h76278 _i79483 _si |
||
| 999 |
_c69032 _d69032 |
||